000 00708nam a22002177a 4500
003 UA-OsUOA
001 48817
007 ta
008 20130814b un ||||| |||| 00| 0 ukr d
090 _a7
_bВ53
942 _cBR
040 _aUA-OsUOA
_bukr
_cUA-OsUOA
_dUA-OsUOA
245 _aВиставка з нагоди відкриття Музею українського мистецтва в Мельборні 3-го серпня.ю 1979 р.
300 _a14 с.
955 _a4
041 _aukr
080 _a7
650 7 _a7 Мистецтво. Ігри. Спорт.
_2UDC
999 _c428940
_d428940